Music Quiz

Random Music or Billboard Quiz

10-to-1: Top Ten Hits of the 1980s Quiz Stats

 Plays Quiz Updated Jun 26, 2017

Support Sporcle.
Go Orange.
Score 0/55 Timer 05:00
7 Plays Today
% Correct
Like a Virgin
95.9%
Billie Jean
93.9%
Beat It
93.8%
Thriller
92.1%
Material Girl
92.1%
Bad
90.5%
Like a Prayer
90.1%
Papa Don't Preach
88.4%
I Wanna Dance with Somebody
83.4%
Smooth Criminal
82.7%
Livin' On A Prayer
81.8%
Uptown Girl
81%
We Didn't Start the Fire
78.1%
You Give Love a Bad Name
77.9%
Sussudio
75%
Against All Odds
74.4%
Dirty Diana
74.2%
La Isla Bonita
73.5%
Wanted Dead or Alive
73.2%
Express Yourself
73%
Greatest Love of All
72.5%
P.Y.T. (Pretty Young Thing)
71.7%
How Will I Know
71.6%
The Way You Make Me Feel
71.1%
All Night Long
70.1%
Saving All My Love for You
69.1%
It's Still Rock and Roll to Me
68.8%
Crazy for You
67.3%
% Correct
Another Day in Paradise
67%
Faith
66.5%
Hip to Be Square
63.2%
A Groovy Kind of Love
62.6%
Easy Lover
62.6%
Tell Her About It
62.2%
Say You, Say Me
62.2%
Bad Medicine
60.9%
The Power of Love
60.2%
An Innocent Man
58.8%
Didn't We Almost Have It All
58.6%
Maneater
58.1%
One More Night
57.3%
The Heart of Rock & Roll
55.7%
Cherish
55.6%
You May Be Right
55.3%
Open Your Heart
53.8%
Endless Love
52.8%
Where Do Broken Hearts Go
49.3%
Live to Tell
48.9%
Human Nature
48%
Kiss on My List
47.6%
Two Hearts
43.1%
Separate Lives
39.5%
I'll Be There for You
37.2%
You Give Good Love
35%
Truly
32.2%

You're not logged in!

Compare scores with friends on all Sporcle quizzes.
OR
Log In

From the Vault

Erase Oceania

by goc3

Erasing a whole continent in real life would be way harder than just making a few clicks.
Remove Ads.
Support Sporcle.
Get the best of Sporcle when you Go Orange. This ad-free experience offers more features, more stats, and more fun while also helping to support Sporcle. Thank you for becoming a member.

Show Comments

Extras

Top Quizzes Today


Score Distribution

Your Account Isn't Verified!

In order to create a playlist on Sporcle, you need to verify the email address you used during registration. Go to your Sporcle Settings to finish the process.

Report this User

Report this user for behavior that violates our Community Guidelines.

Details: